000 00669nam a2200289Ia 4500
005 20260324142755.0
008 008 260324s9999 xx 000 0 eng d
020 _a9780429040993
037 _aEBOOK
040 _aCRL
040 _beng
040 _cCRL
041 _2eng
041 _aeng
084 _qCRL
100 _aRicardo Falla
_91213193
245 0 _aMassacres In The Jungle
245 0 _bIxcan, Guatemala, 1975-1982
260 _bTaylor and Francis
260 _c1994
365 _a
365 _b220
856 _uhttp://www.taylorfrancis.com/books/9780429040993
942 _cEBOOK
999 _c1817771
_d1817771